000 00450nam a2200181Ia 4500
008 131103s9999 xx 000 0 und d
040 _aLoreto College
041 _aEnglish
082 _a821/COL
_bLCBED/5042
100 _aColeridge
245 _aPoems and prose
_cColeridge
260 _aEngland
_bPenguine
_c1957
300 _a313p.
_c 18cm.
504 _aIncludes index
650 _aEnglish Poetry
850 _aLCBED/821/COL
942 _cBK
999 _c32571
_d83050